E-recruitment jinak ... podcasting a social networking !
Okrem tradičnej inzercie a komunikácie prostredníctvom webových stránok a elektronickej pošty sa k osloveniu a prilákaniu dostatku schopných a motivovaných uchádzačov o zamestnanie ponúka stale rozšírenejší a obľúbenejší blogging, podcasting alebo social networking. Kvalitné firemné blogy a informác...
Gespeichert in:
| 1. Verfasser: | |
|---|---|
| Format: | Buchkapitel |
| Sprache: | Tschechisch |
| Schlagworte: | |
| Tags: |
Keine Tags, Fügen Sie das erste Tag hinzu!
|
MARC
| LEADER | 00000naa$a2200000$$$4500 | ||
|---|---|---|---|
| 001 | 0093287 | ||
| 005 | 20231019115011.0 | ||
| 041 | 0 | |a cze | |
| 044 | |a CZ | ||
| 245 | 1 | 0 | |a E-recruitment jinak ... podcasting a social networking ! |c Martin Šikýř |
| 520 | |a Okrem tradičnej inzercie a komunikácie prostredníctvom webových stránok a elektronickej pošty sa k osloveniu a prilákaniu dostatku schopných a motivovaných uchádzačov o zamestnanie ponúka stale rozšírenejší a obľúbenejší blogging, podcasting alebo social networking. Kvalitné firemné blogy a informácie na firemných weboch pôsobia najmä na absolventov škôl, ktorí sú najčastejšími navštevníkmi rôznych blogov. Firemný blog musí zaujať. Personálny marketing používa podcasting. Sociálne siete a virtuálne komunity. | ||
| 610 | 2 | 0 | |a nábor pracovníkov |
| 610 | 2 | 0 | |a nábor sociálny |
| 610 | 2 | 0 | |a internet |
| 610 | 2 | 0 | |a služby |
| 610 | 2 | 0 | |a podcast |
| 100 | 1 | |a Šikýř, Martin | |